00700nam a2200229Ia 4500003000900000008004100009020001800050040001600068080001200084100002500096245006500121250001200186260003900198300001400237650001800251650004100269650002200310700002800332942000700360999001500367952008800382IN-BaIIA211028s9999 xx 000 0 eng d a0-7167-1043-9 cIIA Library a52bBRA aBrandt, John C94599 0aNew horizons in astronomycJohn C Brandt and Stephen P Maran a2nd ed. aSan FranciscobW. H. Freemanc1979 axv, 614p. aAstronomy980 aAstronomy and astrophysics thesaurus aAstrophysics9794 aMaran, Stephen P.97413 cBK c6981d6981 00104070aBANbBANcGENd1982-01-11l0o52/ BRAp7757r2021-11-05w1982-01-11yBK